Evolution of the CDIO approach: BEng, MSc, and PhD level; European Journal of Engineering Education; Vol. 43

Opis bibliograficzny
Parent link:European Journal of Engineering Education
Vol. 43.— 2018.— [11 p.]
1. autor: Chuchalin A. I. Alexander Ivanovich
Streszczenie:Title screen
The CDIO Standards are effective means for upgrading and improving the quality of basic engineering education. In 2013–2016, a group of 21 leading Russian universities became participants of ‘5–100 Russian academic excellence project’ and focused on graduate and postgraduate engineering education. Evolution of the CDIO Standards for modernising and improving the quality of MSc and PhD programmes has become urgent need. For that reason, based on the general idea of the CDIO approach different conceptual models for graduate and postgraduate engineering programmes design were proposed and developed. The FCDI Syllabus v1 and FFCD Syllabus v1 developed by analogy with the CDIO Syllabus v2, as well as the FCDI Standards and FFCD Standards developed by analogy with the CDIO Standards are presented in the paper.
Режим доступа: по договору с организацией-держателем ресурса
Język:angielski
Wydane: 2018
Hasła przedmiotowe:
Dostęp online:https://doi.org/10.1080/03043797.2017.1422694
Format: Elektroniczne Rozdział
KOHA link:https://koha.lib.tpu.ru/cgi-bin/koha/opac-detail.pl?biblionumber=658235

MARC

LEADER 00000naa0a2200000 4500
001 658235
005 20250128161013.0
035 |a (RuTPU)RU\TPU\network\25592 
035 |a RU\TPU\network\16173 
090 |a 658235 
100 |a 20180711d2018 k||y0rusy50 ba 
101 0 |a eng 
102 |a GB 
135 |a drcn ---uucaa 
181 0 |a i  
182 0 |a b 
200 1 |a Evolution of the CDIO approach: BEng, MSc, and PhD level  |f A. I. Chuchalin 
203 |a Text  |c electronic 
300 |a Title screen 
320 |a [References: 17 tit.] 
330 |a The CDIO Standards are effective means for upgrading and improving the quality of basic engineering education. In 2013–2016, a group of 21 leading Russian universities became participants of ‘5–100 Russian academic excellence project’ and focused on graduate and postgraduate engineering education. Evolution of the CDIO Standards for modernising and improving the quality of MSc and PhD programmes has become urgent need. For that reason, based on the general idea of the CDIO approach different conceptual models for graduate and postgraduate engineering programmes design were proposed and developed. The FCDI Syllabus v1 and FFCD Syllabus v1 developed by analogy with the CDIO Syllabus v2, as well as the FCDI Standards and FFCD Standards developed by analogy with the CDIO Standards are presented in the paper. 
333 |a Режим доступа: по договору с организацией-держателем ресурса 
461 |t European Journal of Engineering Education 
463 |t Vol. 43  |v [11 p.]  |d 2018 
610 1 |a электронный ресурс 
610 1 |a труды учёных ТПУ 
610 1 |a бакалавриат 
610 1 |a аспирантура 
610 1 |a инженерное образование 
610 1 |a CDIO 
610 1 |a FCDI 
610 1 |a FFCD 
610 1 |a undergraduate 
610 1 |a graduate and postgraduate engineering education 
610 1 |a evolution of CDIO approach 
700 1 |a Chuchalin  |b A. I.  |c Doctor of technical sciences, Professor of Tomsk Polytechnic University  |c Vice-rector for Academic and International Affairs  |f 1952-  |g Alexander Ivanovich  |3 (RuTPU)RU\TPU\pers\30123 
801 2 |a RU  |b 63413507  |c 20180711  |g RCR 
856 4 |u https://doi.org/10.1080/03043797.2017.1422694 
942 |c CF